Вып. 14 : Анализ и синтез узлов радиоэлектронного оборудования; Радиоэлектроника и электросвязь

Dades bibliogràfiques
Parent link:Радиоэлектроника и электросвязь: сборник научных работ/ Рижский политехнический институт (РПИ). Вып. 14 : Анализ и синтез узлов радиоэлектронного оборудования.— , 1973-1992
Idioma:rus
Publicat: 1987
Matèries:
Format: MixedMaterials Llibre
KOHA link:https://koha.lib.tpu.ru/cgi-bin/koha/opac-detail.pl?biblionumber=256734

MARC

LEADER 00000nam2a2200000 4500
001 256734
005 20231101233136.0
035 |a (RuTPU)RU\TPU\book\279465 
090 |a 256734 
100 |a 20140411d1987 k y0rusy50 ca 
101 0 |a rus 
102 |a LV 
105 |a a z 001zy 
200 0 |a Вып. 14 : Анализ и синтез узлов радиоэлектронного оборудования 
210 |d 1987 
215 |a 108 с. 
461 1 |0 (RuTPU)RU\TPU\book\335472  |t Радиоэлектроника и электросвязь  |o сборник научных работ  |f Рижский политехнический институт (РПИ)  |v Вып. 14 : Анализ и синтез узлов радиоэлектронного оборудования  |d 1973-1992 
606 1 |a Соединители низкочастотные низковольтные  |x Радиоэлектроника  |2 stltpush  |3 (RuTPU)RU\TPU\subj\55454  |9 73486 
610 1 |a электросвязь 
610 1 |a узлы 
610 1 |a анализ 
610 1 |a синтез 
610 1 |a радиоэлектронное оборудование 
610 1 |a техническая электродинамика 
610 1 |a цифровые методы 
675 |a 621.37/39  |v 3 
675 |a 621.39  |v 3 
801 1 |a RU  |b 63413507  |c 20140411 
801 2 |a RU  |b 63413507  |c 20160314  |g RCR 
942 |c BK